| 000 | 00587nam a2200229Ia 4500 | ||
|---|---|---|---|
| 005 | 20250425162443.0 | ||
| 008 | 250425s9999 xx 000 0 und d | ||
| 020 | _a9789978928448 | ||
| 041 | _aspa | ||
| 082 | _a809.387 6 | ||
| 100 | _aSERRANO SANCHEZ, RAUL | ||
| 245 | 0 | _aMANUELA SAENZ: EL TIEMPO ME JUSTIFICARA | |
| 250 | _a1A ED. | ||
| 260 |
_aEcuador _bMINISTERIO DE EDUCACIÓN DEL ECUADOR _c2010 |
||
| 260 | _aQUITO | ||
| 300 | _a373 | ||
| 650 | _aENSAYOS LITERARIOS | ||
| 650 | _aLITERATURA ECUATORIANA | ||
| 650 | _aSAENZ MANUELA | ||
| 942 | _c01 | ||
| 010 | _a75072 | ||
| 999 |
_c229546 _d229546 |
||